[Event "GER-ch Net blitz qual1"]
[Site "Playchess.com INT"]
[Date "2020.03.07"]
[Round "8"]
[White "Gypser, Andreas"]
[Black "Harland, Steve"]
[Result "1-0"]
[WhiteElo "2143"]
[BlackElo "1363"]
[PlyCount "55"]
[EventDate "2020.03.07"]
[EventType "swiss (blitz)"]
[EventRounds "9"]
[EventCountry "GER"]
[SourceTitle "CBM 195 Extra"]
[Source "ChessBase"]
[SourceDate "2020.05.31"]
[SourceVersion "1"]
[SourceVersionDate "2020.05.31"]
[SourceQuality "1"]

1. e4 d5 2. exd5 Qxd5 3. Nc3 Qe5+ 4. Be2 Qc5 5. d4 Qd6 6. Nf3 e5 7. Nxe5 f6 8. Nf3 Be7 9. 0-0 f5 10. Bc4 Nf6 11. Ne5 Be6 12. Re1 0-0 13. Bxe6+ Qxe6 14. Ng6 Rf7 15. Rxe6 hxg6 16. Bg5 Nbd7 17. Qe2 Re8 18. Re1 Rff8 19. Rxe7 Rxe7 20. Qxe7 Re8 21. Qxe8+ Nxe8 22. Rxe8+ Kf7 23. Re7+ Kf8 24. Rxd7 Ke8 25. Rxc7 b5 26. Nxb5 a5 27. Nd6+ Kf8 28. Rc8# 1-0

[Event "GER-ch Net blitz qual1"]
[Site "Playchess.com INT"]
[Date "2020.03.07"]
[Round "3"]
[White "Harland, Steve"]
[Black "Heinrich, Sebastian"]
[Result "0-1"]
[WhiteElo "1363"]
[BlackElo "1686"]
[PlyCount "54"]
[EventDate "2020.03.07"]
[EventType "swiss (blitz)"]
[EventRounds "9"]
[EventCountry "GER"]
[SourceTitle "CBM 195 Extra"]
[Source "ChessBase"]
[SourceDate "2020.05.31"]
[SourceVersion "1"]
[SourceVersionDate "2020.05.31"]
[SourceQuality "1"]

1. e4 c5 2. c4 Nc6 3. f4 d6 4. Nf3 g6 5. Be2 Bg7 6. 0-0 Nf6 7. b3 Nxe4 8. d3 Bxa1 9. b4 Nc3 10. Qc2 Nxe2+ 11. Qxe2 Nd4 12. Qe4 Nxf3+ 13. Qxf3 Bd4+ 14. Kh1 Bf5 15. Re1 0-0 16. Qd5 Bxd3 17. Nd2 Bf5 18. bxc5 dxc5 19. Qf3 Qa5 20. g4 Bd7 21. g5 Bc6 22. Ne4 Qxe1+ 23. Kg2 Bxe4 24. Be3 Bxf3+ 25. Kxf3 Qxe3+ 26. Kg2 Qf2+ 27. Kh1 Qg1# 0-1